000 01075nam0a22002651 4500
001 rc\1125608
005 20041126174521.8
035 _a(NLR Aleph) 006367933
090 _a4968046
_c4968046
100 _a20041126d1981 u |0rusy50 ca
101 0 _arus
102 _aRU
105 _aa |||||||||
200 1 _aПроблемы экологической токсикологии поверхностных вод
_e[Сб. статей
_fРед. П.И. Короленко]
210 _aЛ.
_cГидрометеоиздат
_d1981
215 _a130 с.
_cил.
_d27
225 1 _aГидрохимические материалы
_fГидрохим. ин-т (г. Ростов-на-Дону)
_vТ. 82
300 _aВ надзаг. также: Гос. ком. СССР по гидрометеорологии и контролю природ. среды
320 _aБиблиогр. в конце статей
702 1 _aКороленко
_bП. И.
_4340
801 0 _aRU
_bNLR
_gpsbo
801 1 _aRU
_bELAR
_2rusmarc
852 _aNLR
_jП7/139
942 _cBOOK
980 _aNB